| 000 | 01043nam a2200277 a 4500 | ||
|---|---|---|---|
| 001 | |||
| 003 | DO-SdBNP | ||
| 005 | 20240910114934.0 | ||
| 008 | 100406s1998 dr ac 001 0 spa d | ||
| 040 |
_aDO-SdBNP _bspa _cBPMSU |
||
| 082 |
_a972.93053 _bE82s, 1998 |
||
| 100 | 1 |
_aEstrella M. Luis Salvador, _d1947- |
|
| 245 | 1 | 0 |
_aSalvador Estrella S. : _bdel complot a la gloria / _cLuis Salvador Estrella M. |
| 260 |
_aSanto Domingo : _bAmigo del Hogar, _c1998. |
||
| 300 |
_a232 p. : _bil., retr. ; _c24 cm. |
||
| 500 | _aIncluye índice onomástico | ||
| 600 | 1 | 4 |
_aEstrella M. Luis Salvador _d1947- _xRelatos personales |
| 600 | 4 |
_aTrujillo Molina, Rafael Leónidas, _d 1891-1961 |
|
| 650 | 4 |
_aPersecuciones políticas _zRepública Dominicana |
|
| 650 | 4 | _aHomicidio político | |
| 650 | 4 |
_aConspiraciones _zRepública Dominicana _xHistoria |
|
| 650 | 4 |
_aAsesinato _zRepública Dominicana _xBiografías |
|
| 651 | 4 |
_aRepública Dominicana _xHistoria _yEra de Trujillo, 1930-1961 |
|
| 910 | _aVMateo V. Control de calidad. BPMSU | ||
| 942 |
_2ddc _cBK |
||
| 999 |
_c14247 _d14247 |
||